000 nam a22 a 4500
999 _c341
_d341
005 20170503120544.0
008 170503b1972 xxu||||| |||| 00| 0 eng d
020 _a0816254532
040 _aAKMAL
082 _a001.6 MAU
090 _a001.6
_bMAU
100 _aMaurer, Ward Douglas.
_9777
245 _aProgramming an introduction to computer techniques.
260 _a[S.l.]
_bHolden Day Inc.,
_c1972.
300 _ccm
599 _aDALAM PROSES
852 _aBritish Library
_bDSC
942 _2ddc
_cBOOK